| 000 | 00432nam a22001457a 4500 | ||
|---|---|---|---|
| 005 | 20231009094458.0 | ||
| 008 | 231009b ||||| |||| 00| 0 eng d | ||
| 040 | _cAL | ||
| 041 | _aEnglish | ||
| 082 |
_223 _aK894.3 _bGEES |
||
| 100 |
_aGeetha Kulakarni ಗೀತಾ ಕುಲಕರ್ಣಿ _9136652 |
||
| 245 | _aSwapnamandira ಸ್ವಪ್ನ ಮಂದಿರ | ||
| 260 |
_aBengaluru _bdarshana prakashana |
||
| 942 |
_2ddc _cBK |
||
| 999 |
_c228926 _d228926 |
||